000
00213 a2200097 4500
020
_a
051487001950
041
_a
eng
100
_a
0816715599
245
_a
Heathcliff Heathcliffs night Before Christmas
942
_c
K
999
_c
31387
_d
31385